| 000 | 00976nac a22001931u 4500 | ||
|---|---|---|---|
| 008 | 100725s1981 ua||||||r||| 000 0 ra d | ||
| 082 |
_a229.5 _bك ث ي _222 |
||
| 100 |
_aابن كثير، أبي الفداء إسماعيل _916659 _d701-774ه |
||
| 245 |
_aقصص الأنبياء / _cأبي الفداء إسماعيل بن كثير ؛ تحقيق وتعليق عبد القادر أحمد عطا |
||
| 260 |
_aالقاهرة : _bدار الكتب الإسلامية، _c1981 |
||
| 300 |
_a2 مج؛ _c24 سم |
||
| 511 | _aCatalogued by: Sara | ||
| 541 | _aألف باء؛ | ||
| 650 | _916661 | ||
| 650 |
_aقصص الأنبياء _915131 |
||
| 700 |
_aعطا، عبد القادر أحمد _916662 _eتحقيق وتعليق |
||
| 942 |
_cBB _k229.5ك ث ي _2ddc |
||
| 999 |
_c8115 _d8115 |
||